00656 2200241 4500001002100000005001500021035002000036245004000056100002500096250001200121300003300133264004500166336002100211337002000232338002300252082001400275084002000289020001800309600002000327008004100347990001300388990001300401INLIS00000000000196720250811090353 a0010-08240000611 aNegeri Di Ujung Tanduk /cTere Liye0 aTere LiyeePengarang acet. 16 a360 halaman :bilus ;c20 cm aJakarta :bGramedia Pustaka Utama,c2018 2rdacontentaTeks 2rdamediaacetak 2rdacarrierakertas a899.221 3 a899.221 3 TER n a9789792294293 4afiksi indonesia250811 0 ind  a24000067 a24000151